00530nam a22001697a 450000500170000001000130001702000140003003500110004403700160005508200080007110000330007924500870011224600490019926000370024827000520028530000230033720200128165602.0 aUR-10695 c300.00a- aU-9250 bDBAD/PUBa- a920 aقا ضی جما ل حسين aد ا م آ گا ہی /غا لب مطا لعا ت cقا ضی جما ل حسين bDaam-e-Aagahi (Urdu)aby Qazi Jamal Husain aN.DelhibGhalib Academyc2019 ء aBasti Hazrat Nizamuddin bN.Delhie110013k-l- a144 ص c22 Cm(Hb)